A szebeni fiúk

Podrobná bibliografia
Hlavný autor: Lengyel, Balázs, 1918- (Autor)
Ďalší autori: Kurdi, István (Ilustrátor)
Médium: Kniha
Jazyk:maďarčina
Fyzický popis:255 s. ilustr. 19 cm
Vydavateľské údaje: Pozsony Budapest Kalligram Pesti Kalligram 2004
ISBN:8071496472
Vydanie:[1. kiad.]
Predmet:

MARC

LEADER 00000nam a2200000 a 4500
001 vtls001477769
003 SK-MaSNL
005 20260302073604.0
008 251117s2004 xo a 000 j hun
015 |a SNBA2004/07-04270 
020 |a 8071496472 
035 |a SNK000433069 
035 |a urn:nbn:sk:snk-amks8f 
035 |a urn:nbn:sk:snk-am005ast 
035 |a C4030241-6314-47D9-B48C-FFEBAAA9623A 
040 |a SNK  |b slo  |c SNK  |e AACR2 
041 0 |a hun 
044 |a xo  |c SK 
072 7 |a 821.511.1  |x Ugrofínske literatúry  |2 konspekt 
072 7 |a 821-93  |2 konspekt 
080 |a 821.511.141-3(0.053.2)=511.141  |2 1981 
080 |a 821.511.141-93  |2 1981 
080 |a 821.511.141-31  |2 1981 
080 |a 821-93  |2 1981 
100 1 |a Lengyel, Balázs,  |d 1918-  |4 aut  |9 9371 
245 1 0 |a A szebeni fiúk  |c Lengyel Balázs ; [illusztrálta Kurdi István] 
250 |a [1. kiad.] 
260 |a Pozsony  |b Kalligram  |a Budapest  |b Pesti Kalligram  |c 2004 
300 |a 255 s.  |b ilustr.  |c 19 cm 
500 |a Súbež. tir. slov. 
650 0 7 |a romány pre mládež, maďarské  |2 SNK  |9 25792 
650 0 7 |a literatúra pre deti a mládež  |2 konspekt  |9 21893 
655 7 |a umelecká literatúra  |2 SNK  |9 60405 
655 7 |a maďarské romány  |2 SNKPH  |9 70321 
655 7 |a publikácie pre mládež  |2 SNKPH  |9 70434 
700 1 |a Kurdi, István  |4 ill  |9 317539 
752 |d Bratislava 
752 |d Budapešť 
852 |a Slovenská národná knižnica 
919 |a 80-7149-647-2 
954 |a beletria cudzojazyčná (svetová)  |2 lita 
958 |a LX 
968 |d 821 
999 |c 1161463  |d 1163393 
952 |t P60, <03>, [BOOK], {603}  |a SNK  |b SNK  |y PREZ  |7 0  |p 17A0435585  |o snkSD 74000  |i snkKSP 8760/2004  |0 0  |1 0  |4 0  |d 2004-07-06  |l 0  |r 2025-11-21 00:00:00  |w 2026-02-24 
952 |t P60, <04>, [BOOK], {604}  |a SNK  |b SNK  |y VYP  |7 0  |p 17A0435586  |o snkSD 74000 D1  |i snkKSP 8761/2004  |0 0  |1 0  |4 0  |d 2004-07-06  |f 1  |l 0  |r 2005-01-02 00:00:00  |w 2026-02-24